[Event "Maccabiah op"]
[Site "Jerusalem"]
[Date "2013.07.25"]
[Round "6"]
[White "Klein, Boris"]
[Black "Zlotogorsky, Itay"]
[Result "1-0"]
[WhiteElo "2097"]
[BlackElo "1942"]
[PlyCount "79"]
[EventDate "2013.07.21"]
[EventType "swiss"]
[EventRounds "9"]
[EventCountry "ISR"]
[SourceTitle "EXT 2014"]
[Source "ChessBase"]
[SourceDate "2013.11.20"]
[SourceVersion "1"]
[SourceVersionDate "2013.11.20"]
[SourceQuality "1"]

1. e4 e5 2. Nf3 Nf6 3. Nc3 Nc6 4. d4 exd4 5. Nxd4 Bc5 6. Nxc6 bxc6 7. Bd3 h6 8. 0-0 d6 9. Na4 Bb6 10. Bf4 0-0 11. Qf3 Nd7 12. Bg3 Ne5 13. Bxe5 dxe5 14. Rad1 Qe7 15. a3 Be6 16. Qe2 Rad8 17. Bc4 Rd6 18. Bxe6 Rxe6 19. b4 Rd8 20. c4 Rxd1 21. Rxd1 Bd4 22. c5 Rf6 23. Rf1 Qe6 24. Qc2 h5 25. h3 Rf4 26. Kh2 Qg6 27. f3 h4 28. Qd2 Qg3+ 29. Kh1 g5 30. Nc3 Bxc3 31. Qxc3 Rf6 32. Qe1 Qf4 33. Qc1 Qg3 34. Qd2 Kg7 35. Qd7 Rf4 36. Qxc7 g4 37. Qxe5+ Kg6 38. hxg4 f6 39. Qh5+ Kg7 40. Rd1 1-0

[Event "Albena Masters op"]
[Site "Albena"]
[Date "2012.06.02"]
[Round "8"]
[White "Klein, Boris"]
[Black "Dukaczewski, Piotr"]
[Result "0-1"]
[WhiteElo "2089"]
[BlackElo "2290"]
[PlyCount "120"]
[EventDate "2012.05.26"]
[EventType "swiss"]
[EventRounds "9"]
[EventCountry "BUL"]
[SourceTitle "CBM 148 Extra"]
[Source "ChessBase"]
[SourceDate "2012.06.22"]
[SourceVersion "1"]
[SourceVersionDate "2012.06.22"]
[SourceQuality "1"]

1. e4 c5 2. c3 Nf6 3. e5 Nd5 4. d4 cxd4 5. cxd4 e6 6. Nc3 Nxc3 7. bxc3 Qc7 8. Bd2 b6 9. Nf3 Bb7 10. Bd3 d6 11. 0-0 Nd7 12. Re1 dxe5 13. Nxe5 Nxe5 14. Rxe5 Bd6 15. Bb5+ Bc6 16. Qf3 Rc8 17. Bxc6+ Qxc6 18. d5 Qb7 19. Re3 e5 20. Qf5 Qd7 21. Qh5 h6 22. Rae1 Kd8 23. Rg3 f6 24. Qg6 Rc7 25. Qd3 Qa4 26. Rg6 Qxa2 27. f4 Re8 28. g3 e4 29. Qe2 e3 30. Bc1 Qxe2 31. Rxe2 Rxc3 32. Bb2 Rc7 33. Kg2 Bc5 34. g4 Rf7 35. h4 Kd7 36. Kf3 a5 37. Bc1 a4 38. g5 hxg5 39. hxg5 fxg5 40. Rxg5 a3 41. Rgg2 Kd6 42. Ra2 Ra7 43. Rge2 b5 44. Rg2 b4 45. Rg6+ Kxd5 46. Rg5+ Kd6 47. Rc2 Ra5 48. Rg6+ Re6 49. Rxg7 b3 50. Re2 Bd4 51. Rg5 Rxg5 52. fxg5 a2 53. Ba3+ Bc5 54. Bb2 Kd5 55. Kf4 Bd4 56. Bxd4 Kxd4 57. Re1 b2 58. Kf5 b1Q+ 59. Rxb1 axb1Q+ 60. Kxe6 Qg6+ 0-1